00614nam a2200181 a 4500001001000000003000900010005001700019007001000036008004100046020001800087040002200105100001600127245009200143260004800235300002800283500005000311500007100361000028269DO-SdBNP20180212101420.0000028269110407s2010 dr a 000 j spa d a9789945163759 aBPMSUbspacBPMSU1 aLora, Frani13aEl lokito meneíto y sus aventuras :bcuentos para quisqueya y el mundo /cFrani Lora. aSanto Domingo :bDragón Editorial,c2010. a206 p. :bil. ;c22 cm. aUna audaz descripció de la realidad social  aIncluye datos biográficos del autor en la solapa de la cubierta